| 000 | 00860nam a22002414a 4500 | ||
|---|---|---|---|
| 005 | 20090604161135.0 | ||
| 008 | 020212s2002 flua 000 0 eng | ||
| 010 | _aENG-93893 | ||
| 020 |
_c695.00 _a9788130305478 |
||
| 035 | _aEN-77426 | ||
| 037 | _bDBAD / PUB | ||
| 040 |
_adpl _bEnglish |
||
| 082 | _a485 | ||
| 100 | _aKleiser, Grenville | ||
| 245 |
_aImprove your english / _cby Grenville Kleiser |
||
| 260 |
_aNew Delhi _bAPH Publishing Corporation _c2009 |
||
| 270 |
_a4435-36/7, Ansari Road, Daryaganj _bNew Delhi _e110002 |
||
| 300 |
_av, 286p. _c22cm(Hb) |
||
| 500 | _aIncludes bibliographical references | ||
| 650 |
_aEnglish language _xGrammar |
||
| 942 |
_2ddc _cEN _mKLE _h485 |
||
| 999 |
_c27243 _d27243 |
||